[Event "Heraklion Gazi op"]
[Site "Heraklion"]
[Date "2005.09.27"]
[Round "1"]
[White "Spirou, Gerasimos"]
[Black "Labrakis, Antonios"]
[Result "1-0"]
[WhiteElo "1000"]
[BlackElo "1275"]
[PlyCount "37"]
[EventDate "2005.09.27"]
[EventType "swiss"]
[EventRounds "7"]
[EventCountry "GRE"]
[SourceTitle "EXT 2007"]
[Source "ChessBase"]
[SourceDate "2006.11.23"]
[SourceVersion "1"]
[SourceVersionDate "2006.11.23"]
[SourceQuality "1"]

1. e4 e5 2. Nf3 Bc5 3. Nc3 d6 4. h3 a6 5. Bc4 Nf6 6. 0-0 Nh5 7. d3 h6 8. Nxe5 Ng3 9. Qf3 Nf5 10. exf5 dxe5 11. Qg3 Rh7 12. Re1 Kf8 13. Qxe5 Bd6 14. Qe4 c6 15. Bf4 Bxf4 16. Qxf4 Nd7 17. Qd6+ Kg8 18. Re7 Kh8 19. Bxf7 1-0